|
|
|
|
| LEADER |
01926cam a2200517 i 4500 |
| 001 |
nkc20152744571 |
| 003 |
CZ PrNK |
| 005 |
20250528143811.0 |
| 007 |
ta |
| 008 |
151221t20152015xr a b 000 f cze d |
| 015 |
|
|
|a cnb002744571
|
| 020 |
|
|
|a 978-80-87383-46-9
|q (vázáno)
|
| 035 |
|
|
|a (OCoLC)982107402
|
| 040 |
|
|
|a OSA001
|b cze
|d BOA001
|d ABA001
|e rda
|
| 043 |
|
|
|a e-xr---
|b e-xr-cc
|2 czenas
|
| 072 |
|
7 |
|a 821.162.3-3
|x Česká próza
|2 Konspekt
|9 25
|
| 072 |
|
7 |
|a 821-93
|x Literatura pro děti a mládež (beletrie)
|2 Konspekt
|9 26
|
| 080 |
|
|
|a 821.162.3-34
|2 MRF
|
| 080 |
|
|
|a 821-93
|2 MRF
|
| 080 |
|
|
|a (437.31-16)
|2 MRF
|
| 080 |
|
|
|a (0:82-34)
|2 MRF
|
| 100 |
1 |
|
|a Kvíz, František
|7 ola2010548199
|4 aut
|
| 245 |
1 |
0 |
|a Houbařův sen :
|b pohádky Českého Švýcarska /
|c František Kvíz ; ilustrace: Jolana Novotná ; fotografie: Zdeněk Patzelt
|
| 246 |
1 |
|
|i Název v tiráži:
|a Houbařův sen - pohádky Českého Švýcarska
|
| 246 |
3 |
0 |
|a Pohádky Českého Švýcarska
|
| 250 |
|
|
|a Vydání první
|
| 264 |
|
1 |
|a [Praha] :
|b IFP Publishing s.r.o.,
|c [2015]
|
| 264 |
|
4 |
|c ©2015
|
| 300 |
|
|
|a 133 stran :
|b barevné ilustrace ;
|c 27 cm
|
| 336 |
|
|
|a text
|b txt
|2 rdacontent
|
| 337 |
|
|
|a bez média
|b n
|2 rdamedia
|
| 338 |
|
|
|a svazek
|b nc
|2 rdacarrier
|
| 651 |
|
7 |
|a České Švýcarsko (Česko)
|7 ge131062
|2 czenas
|
| 651 |
|
9 |
|a Bohemian Switzerland (Czechia)
|2 eczenas
|
| 655 |
|
7 |
|a české pohádky
|7 fd133970
|2 czenas
|
| 655 |
|
7 |
|a publikace pro děti
|7 fd133156
|2 czenas
|
| 655 |
|
9 |
|a Czech fairy tales
|2 eczenas
|
| 655 |
|
9 |
|a children's literature
|2 eczenas
|
| 700 |
1 |
|
|a Novotná, Jolana
|7 ola2010548198
|4 ill
|
| 700 |
1 |
|
|a Patzelt, Zdeněk,
|d 1960-
|7 mzk2004228176
|4 pht
|
| 910 |
2 |
|
|a BOA001
|b 3-1372.940
|
| 920 |
|
|
|a 000674727
|z OSA001
|
| 990 |
|
|
|a BK
|
| 995 |
|
|
|a 01
|
| 991 |
|
|
|b 201609
|c NOV
|
| 996 |
6 |
|
|b 2610682032
|c 3-1372.940
|l MZK
|r Sklad / do 1 hodiny
|n 0
|p p.v.
|w 001578172
|u 000010
|a 1
|e BOA001
|j MZK50
|s P
|